Basic Econometrics/ (Record no. 36239)

MARC details
000 -LEADER
fixed length control field 00453nam a22001697a 4500
005 - DATE AND TIME OF LATEST TRANSACTION
control field 20240731100647.0
008 - FIXED-LENGTH DATA ELEMENTS--GENERAL INFORMATION
fixed length control field 240731b |||||||| |||| 00| 0 eng d
082 ## - DEWEY DECIMAL CLASSIFICATION NUMBER
Classification number 330.0151
Item number GUJ-B
100 ## - MAIN ENTRY--AUTHOR
Author Name Gujarati, Damodar.N
245 ## - TITLE STATEMENT
Title Basic Econometrics/
Statement of responsibility, etc. Damodar N. Gujarati
250 ## - EDITION STATEMENT
Edition statement 4th ed.
260 ## - PUBLICATION, DISTRIBUTION, ETC.
Place of Publication USA;
Name of publisher, distributor, etc. West Point;
300 ## - PHYSICAL DESCRIPTION
Pages xxix, 1002 p.:
500 ## - GENERAL NOTE
General note Include suject index.
650 ## - SUBJECT ADDED ENTRY--TOPICAL TERM
Subject / Department Economics
300 ## - PHYSICAL DESCRIPTION
-- ill;
-- 23.5 cm.
952 ## - LOCATION AND ITEM INFORMATION (KOHA)
-- 0
-- 0
Holdings
Lost status Damaged status Collection code Permanent Location Current Location Shelving Location Date acquired Full Call Number Accession No./Barcode Date last seen item type Koha item type
    Economics/Commerce Superior Information Resource Center (SIRC) Superior University - City Campus Superior Information Resource Center (SIRC) Superior University - City Campus Economics 07/31/2024 330.0151 GUJ-B 8282 07/31/2024 BOOK BOOK

Powered by Koha